| 000 | 00496nam a22001697a 4500 | ||
|---|---|---|---|
| 003 | 0 | ||
| 005 | 20230818140942.0 | ||
| 008 | 230818b xxu||||| |||| 00| 0 eng d | ||
| 020 | _a978-971-9655-30-5 | ||
| 050 |
_aGV 436 _b.P59 2023 |
||
| 245 | _aPhysical activity towards health and fitness (PATH-FIT 2) | ||
| 260 |
_aManila _bMindshapers Co., Inc. _cc2023. |
||
| 300 |
_aviii, 144 pages : _bill. ; _c23 cm. |
||
| 500 | _aPhysical fitness. | ||
| 650 | _aPhysical fitness. | ||
| 942 |
_2lcc _cBK |
||
| 999 |
_c365179 _d365179 |
||